Loading...
| Mythology | 0 | 4 | 0 | 1 | 40 | 111 | 129.75 | 0 | 0 | 3.13 | 15.98 |
| Fine Arts - Painting & Sculpture | 0 | 3 | 0 | 2 | 30 | 124 | 141.00 | 0 | 0 | 0.44 | 6.86 |
| Other Academic | 0 | 2 | 0 | 0 | 20 | 90 | 92.50 | 0 | 1 | 7.06 | 15.70 |
| Science - Chemistry | 0 | 1 | 0 | 0 | 10 | 116 | 116.00 | 0 | 0 | 0.24 | 4.60 |
| Science - Physics | 0 | 1 | 0 | 0 | 10 | 116 | 116.00 | 0 | 0 | 0.51 | 1.88 |
| Literature - British | 0 | 1 | 0 | 0 | 10 | 139 | 139.00 | 0 | 0 | 0.12 | 1.96 |
| History - World | 0 | 1 | 0 | 0 | 10 | 125 | 125.00 | 0 | 0 | 0.48 | 2.21 |
| History - American | 0 | 1 | 0 | 0 | 10 | 129 | 129.00 | 0 | 0 | -0.05 | 0.49 |
| Science - Other | 0 | 1 | 0 | 1 | 10 | 131 | 131.00 | 0 | 0 | -0.05 | 0.88 |
| Science - Biology | 0 | 3 | 4 | 0 | 10 | 71 | 105.33 | 1 | 1 | 3.20 | 9.31 |
| Social Science | 0 | 1 | 1 | 0 | 5 | 110 | 110.00 | 0 | 0 | 0.58 | 1.96 |
| History - Other | 0 | 0 | 0 | 0 | 0 | 0.00 | 0 | 0 | 0.00 | 0.00 | |
| History - European | 0 | 0 | 0 | 0 | 0 | 0.00 | 0 | 0 | 0.00 | 0.00 | |
| Religion | 0 | 0 | 2 | 0 | -10 | 0.00 | 0 | 0 | 0.00 | 0.00 |